Primeros auxilios : (Registro nro. 4149)

Detalles MARC
000 -LEADER
fixed length control field 01163nam a2200277Ia 4500
003 - CONTROL NUMBER IDENTIFIER
control field OSt
005 - DATE AND TIME OF LATEST TRANSACTION
control field 20201005134018.0
008 - FIXED-LENGTH DATA ELEMENTS--GENERAL INFORMATION
fixed length control field 191128s1996 ck a gr 000 0 spa d
020 ## - INTERNATIONAL STANDARD BOOK NUMBER
International Standard Book Number 9583002569
040 ## - CATALOGING SOURCE
Original cataloging agency CO-JMCR
Transcribing agency CO-JMCR
041 0# - LANGUAGE CODE
Language code of text/sound track or separate title spa
082 04 - DEWEY DECIMAL CLASSIFICATION NUMBER
Classification number 616.0252 /
Item number H282p
Edition number 23
100 1# - MAIN ENTRY--PERSONAL NAME
Personal name Harker Delgado, Felipe,
Relator term autor
9 (RLIN) 11208
245 10 - TITLE STATEMENT
Title Primeros auxilios :
Remainder of title manual de consulta /
Statement of responsibility, etc. Felipe Harker Delgado ; Consultor, Fernando Pinzón A., Mauricio Molina Achuri.
250 ## - EDITION STATEMENT
Edition statement Primera edición
260 ## - PUBLICATION, DISTRIBUTION, ETC.
Place of publication, distribution, etc. Bogotá :
Name of publisher, distributor, etc. Panamericana,
Date of publication, distribution, etc. 1996.
300 ## - PHYSICAL DESCRIPTION
Extent 262 Páginas :
Other physical details Ilustraciones en blanco y negro ;
Dimensions 23 cm.
500 ## - GENERAL NOTE
General note Incluye Bibliografía
505 0# - FORMATTED CONTENTS NOTE
Formatted contents note Los primeros auxilios -- ¿Quién presta los primeros auxilios? -- Reglas generales -- Norma básicas del socorrismo -- procdiemiento para prestar los primeros auxilios -- ¿Cuál es la gravedad del socorrido?
650 24 - SUBJECT ADDED ENTRY--TOPICAL TERM
Topical term or geographic name entry element Primeros auxilios
9 (RLIN) 11209
650 24 - SUBJECT ADDED ENTRY--TOPICAL TERM
Topical term or geographic name entry element Manuales Urgencias médicas
9 (RLIN) 11210
650 24 - SUBJECT ADDED ENTRY--TOPICAL TERM
Topical term or geographic name entry element Manuales
General subdivision médicos
9 (RLIN) 11211
700 1# - ADDED ENTRY--PERSONAL NAME
Personal name Pinzón A., Fernando,
Relator term Consultor
9 (RLIN) 11212
700 1# - ADDED ENTRY--PERSONAL NAME
Personal name Molina Achuri, Mauricio,
Relator term Consultor
9 (RLIN) 11213
942 ## - ADDED ENTRY ELEMENTS (KOHA)
Source of classification or shelving scheme Dewey Decimal Classification
Koha item type Books
Existencias
Withdrawn status Lost status Source of classification or shelving scheme Materials specified (bound volume or other part) Damaged status Not for loan Home library Current library Shelving location Date acquired Source of acquisition Total Checkouts Full call number Barcode Date last seen Date last checked out Copy number Price effective from Koha item type
    Dewey Decimal Classification Donación--06/08/2018--     Biblioteca Pública José María del Castillo y Rada Biblioteca Pública José María del Castillo y Rada General Stacks 11/28/2019 Donación 4 616.0252 / H282p 201808970 04/06/2026 04/06/2026 EJ.1 11/28/2019 Books